00500nam a22001577a 450000500170000001000150001702000260003203500140005803700130007208200160008524501010010126000400020227000560024230000220029870000220032020181227114343.0 aENG-124601 a9789351865261c400.00 aEN-108133 bDBAD/PUB a320.9540905 aRedefining Governance:ced. by Anirban Gangulyb(Essays on one year of Narendra Modi Government/ aNew Delhi bPrabhat Prakashanc2018 a4/19, Asaf Ali Road, Daryaganj,bNew Delhi e110002 a296p. c21cm.(Hb) a Ganguly, Anirban